Agronomic variability of germplasm in Cote d Ivoire (Record no. 54009)

MARC details
000 -LEADER
fixed length control field 00374nam a2200121Ia 4500
100 ## - MAIN ENTRY--AUTHOR NAME
Personal name Clement-Demange A
245 #0 - TITLE STATEMENT
Title Agronomic variability of germplasm in Cote d Ivoire
260 ## - PUBLICATION, DISTRIBUTION, ETC. (IMPRINT)
Name of publisher Hevea 88: IRRDB, 2 August to 7 November 1988, Paris. pp.403-421.
650 ## - SUBJECT ADDED ENTRY--TOPICAL TERM
Topical Term Agronomic variability
650 ## - SUBJECT ADDED ENTRY--TOPICAL TERM
Topical Term Germplasm
942 ## - ADDED ENTRY ELEMENTS (KOHA)
Koha item type Journals
Holdings
Withdrawn status Lost status Damaged status Not for loan Home library Current library Shelving location Date acquired Koha item type
      Journals RRII Library RRII Library Germaplsm 17/12/2021 Journals